<?xml version="1.0" encoding="UTF-8"?>
<record
    xmlns:xsi="http://www.w3.org/2001/XMLSchema-instance"
    xsi:schemaLocation="http://www.loc.gov/MARC21/slim http://www.loc.gov/standards/marcxml/schema/MARC21slim.xsd"
    xmlns="http://www.loc.gov/MARC21/slim">

  <leader>01407cam a2200325 a 4500</leader>
  <controlfield tag="003">OSt</controlfield>
  <controlfield tag="005">20140522173806.0</controlfield>
  <controlfield tag="008">130709s2013    sp  |||| ||||o000 0 cat|d</controlfield>
  <datafield tag="017" ind1=" " ind2=" ">
    <subfield code="a">DL B. 18395-2013</subfield>
    <subfield code="b">Biblioteca de Catalunya</subfield>
  </datafield>
  <datafield tag="020" ind1=" " ind2=" ">
    <subfield code="a">9788439390497</subfield>
  </datafield>
  <datafield tag="040" ind1=" " ind2=" ">
    <subfield code="a">ES-BaBC</subfield>
    <subfield code="b">cat</subfield>
    <subfield code="c">CDMR</subfield>
  </datafield>
  <datafield tag="245" ind1="0" ind2="0">
    <subfield code="a">Llibre d'estil de la Corporaci&#xF3; Catalana de Mitjans Audiovisuals </subfield>
    <subfield code="b">guia editorial : manual d'&#xFA;s </subfield>
    <subfield code="c">/ [equip de redacci&#xF3;: Imma Amadeo ... [et al.] ; curadors: Oriol Camps, Josep Cornudella]</subfield>
  </datafield>
  <datafield tag="260" ind1=" " ind2=" ">
    <subfield code="a">Barcelona : </subfield>
    <subfield code="b">Generalitat de Catalunya,</subfield>
    <subfield code="b">Catalunya R&#xE0;dio,</subfield>
    <subfield code="a">[Sant Joan Desp&#xED; :</subfield>
    <subfield code="b">Televisi&#xF3; de Catalunya],</subfield>
    <subfield code="c">2013</subfield>
  </datafield>
  <datafield tag="300" ind1=" " ind2=" ">
    <subfield code="a">493 p.</subfield>
    <subfield code="c">24 cm</subfield>
  </datafield>
  <datafield tag="500" ind1=" " ind2=" ">
    <subfield code="a">A la portada, Televisi&#xF3; de Catalunya est&#xE0; representada pel seu logotip</subfield>
  </datafield>
  <datafield tag="504" ind1=" " ind2=" ">
    <subfield code="a">Refer&#xE8;ncies bibliogr&#xE0;fiques</subfield>
  </datafield>
  <datafield tag="610" ind1="2" ind2="7">
    <subfield code="a">Corporaci&#xF3; Catalana de Mitjans Audiovisuals</subfield>
    <subfield code="x">Normes</subfield>
    <subfield code="2">lemac</subfield>
  </datafield>
  <datafield tag="650" ind1=" " ind2="7">
    <subfield code="a">Periodisme</subfield>
    <subfield code="x">Manuals d'estil</subfield>
    <subfield code="2">lemac</subfield>
    <subfield code="9">3086</subfield>
  </datafield>
  <datafield tag="650" ind1=" " ind2="7">
    <subfield code="a">&#xC8;tica period&#xED;stica</subfield>
    <subfield code="2">lemac</subfield>
  </datafield>
  <datafield tag="650" ind1=" " ind2="7">
    <subfield code="a">Mitjans de comunicaci&#xF3; de massa i llengua</subfield>
    <subfield code="z">Catalunya</subfield>
    <subfield code="2">lemac</subfield>
  </datafield>
  <datafield tag="650" ind1="0" ind2="4">
    <subfield code="a">Comunicaci&#xF3; audiovisual</subfield>
    <subfield code="x">Manuals d'estil</subfield>
  </datafield>
  <datafield tag="700" ind1="1" ind2=" ">
    <subfield code="a">Amadeo, Imma</subfield>
  </datafield>
  <datafield tag="700" ind1="1" ind2=" ">
    <subfield code="a">Camps, Oriol,</subfield>
    <subfield code="e">ed.</subfield>
  </datafield>
  <datafield tag="700" ind1="1" ind2=" ">
    <subfield code="a">Cornudella, Josep</subfield>
    <subfield code="q">(Cornudella i Defis),</subfield>
    <subfield code="e">ed.</subfield>
  </datafield>
  <datafield tag="710" ind1="1" ind2=" ">
    <subfield code="a">Catalunya.</subfield>
    <subfield code="b">Generalitat</subfield>
  </datafield>
  <datafield tag="710" ind1="2" ind2=" ">
    <subfield code="a">Corporaci&#xF3; Catalana de Mitjans Audiovisuals</subfield>
  </datafield>
  <datafield tag="710" ind1="2" ind2=" ">
    <subfield code="a">Televisi&#xF3; de Catalunya</subfield>
  </datafield>
  <datafield tag="710" ind1="2" ind2=" ">
    <subfield code="a">Catalunya R&#xE0;dio</subfield>
  </datafield>
  <datafield tag="942" ind1=" " ind2=" ">
    <subfield code="c">MON</subfield>
  </datafield>
  <datafield tag="999" ind1=" " ind2=" ">
    <subfield code="c">6689</subfield>
    <subfield code="d">6689</subfield>
  </datafield>
  <datafield tag="952" ind1=" " ind2=" ">
    <subfield code="0">0</subfield>
    <subfield code="1">0</subfield>
    <subfield code="4">0</subfield>
    <subfield code="7">0</subfield>
    <subfield code="a">CDMR</subfield>
    <subfield code="b">CDMR</subfield>
    <subfield code="d">2014-01-03</subfield>
    <subfield code="e">Donaci&#xF3;</subfield>
    <subfield code="g">8.00</subfield>
    <subfield code="l">2</subfield>
    <subfield code="m">1</subfield>
    <subfield code="o">Fe 6/6</subfield>
    <subfield code="p">CDMR1401301163</subfield>
    <subfield code="r">2020-01-14</subfield>
    <subfield code="s">2019-12-31</subfield>
    <subfield code="v">8.00</subfield>
    <subfield code="w">2014-01-03</subfield>
    <subfield code="y">MON</subfield>
  </datafield>
</record>
